Lionel Messi - Prawda czy Fałsz - Statystyki

Ogólne statystyki
  • Ten quiz został rozwiązany 212 razy
  • Średni wynik to 10 z 15
Statystyki odpowiedzi
Zagadnienie Odpowiedź % Poprawnych
Messi to najbardziej utytułowany piłkarz w historii Prawda
85%
Leo grał w 3 klubach w seniorskiej karierze Prawda
78%
Messi ma ponad 100 bramek w kadrze Prawda
78%
Antonela Rocuzzo to żona Leo Messiego Prawda
78%
Messi pochodzi z rocznika 1987 Prawda
74%
Wygrał wszystkie Copa America w których doszedł do finału Fałsz
69%
Messi zdobył ponad 100 bramek w jednym sezonie Fałsz
67%
Urodził się w Buenos Aires Fałsz
65%
Andres to drugie imię Leo Prawda
59%
Messi zdobył 5 lig mistrzów Fałsz
57%
Messi zadebiutował u Franka Rijkaarda Prawda
54%
Zdobył 7 złotych piłek Fałsz
52%
Ankara Messi miało miejsce przeciwko Realowi Betis Fałsz
50%
Lionel Messi posiada Autyzm Prawda
48%
Messi w karierze zobaczył 2 czerwone kartki Fałsz
39%
Nie znaleziono quizów pasujących do podanych kryteriów
Rozkład punktacji
Procent ludzi z każdym wynikiem
Percentyl według liczby udzielonych odpowiedzi
Twoja historia wyników
Nie rozwiązałeś tego quizu